000 00333nam a2200133Ia 4500
008 190216s9999||||xx |||||||||||||| ||und||
100 _aRichard T Gill
245 0 _aEconomic Development Past And Present
250 _a3rd Ed.
260 _bPrentice Hall Of India Pvt Ltd
_c1984
300 _a143
650 _aEconomics
942 _cBK
999 _c9710
_d9710